Atlétikánk idei feladatai
Elmentve itt :
| Szerző: | |
|---|---|
| Dokumentumtípus: | Cikk |
| Megjelent: |
1963-01-29
|
| Sorozat: | Délmagyarország
53 No. 23 |
| Kulcsszavak: | Sportélet Szeged 1963, Sport atlétika, atlétika |
| Online Access: | http://dmarchiv.bibl.u-szeged.hu/70141 |
| LEADER | 00484nab a2200157 i 4500 | ||
|---|---|---|---|
| 001 | delm70141 | ||
| 005 | 20180927153800.0 | ||
| 008 | 180927s1963 hu o 0|| hun d | ||
| 040 | |a SZTE Délmagyarország Archívum |b hun | ||
| 041 | |a hun | ||
| 100 | 1 | |a Monostori Tibor | |
| 245 | 1 | 0 | |a Atlétikánk idei feladatai |h [elektronikus dokumentum] / |c Monostori Tibor |
| 260 | |c 1963-01-29 | ||
| 300 | |a 6 | ||
| 490 | 0 | |a Délmagyarország |v 53 No. 23 | |
| 695 | |a Sportélet Szeged 1963, Sport atlétika, atlétika | ||